| 000 | 00515nam a22001937a 4500 | ||
|---|---|---|---|
| 003 | MPLRDC | ||
| 005 | 20220104161059.0 | ||
| 008 | 210129b ||||| |||| 00| 0 eng d | ||
| 020 | _a957-607-742-7 | ||
| 082 | _a249.952 MER | ||
| 100 | _aTHOMAS MERTON | ||
| 245 |
_a七重山 _c方光珞等译 |
||
| 250 | _a初版 | ||
| 260 |
_a台湾 _b究竟出版社股份有限公司 _c2002 |
||
| 300 | _b595 | ||
| 490 | _a宗教. 6 | ||
| 650 | _a基督教传记--近代各国基督教人物 | ||
| 942 |
_cBK _o249.952 MER |
||
| 999 |
_c55310 _d55300 |
||